000 00322nam a22001457a 4500
008 210303b ||||| |||| 00| 0 eng d
020 _ax0000eab0b
041 _aeng
080 _a004
082 _a004
100 _a28
101 _aSHKI
245 _aMurach's ASP.NET 2.0 upgrader's guide
_cLowe, D
942 _2udc
_cBK
999 _c55585
_d55585